Statistics for US States Once Part of Mexico

Click here to take the quiz!

General Stats

  • This quiz has been taken 277 times
    (184 since last reset)
  • The average score is 9 of 10

Answer Stats

State% Correct
California
100%
Arizona
99%
New Mexico
99%
Texas
99%
Nevada
92%
Colorado
86%
Utah
82%
Oklahoma
79%
Wyoming
63%
Kansas
62%

Score Distribution

Percentile by Number Answered

Percent of People with Each Score

Your Score History

You have not taken this quiz since the last reset